Slovenský eHealth vychádza z katalógu vyše 650 potrieb

Katalóg služieb slovenského zdravotníctva a informatizácia zdravotníctva. Základné informácie o zdravotnej starostlivosti a zdravotnom poistení v Slovenskej republike. Podrobný zoznam a informačnú webstránku v jazykoch EÚ má Slovensko ako jediná krajina v Európe.

Gespeichert in:
Bibliographische Detailangaben
1. Verfasser: Mittelmann, Zuzana
Format: Buchkapitel
Sprache:Slowakisch
Schlagworte:
Tags: Tag hinzufügen
Keine Tags, Fügen Sie das erste Tag hinzu!

MARC

LEADER 00000naa a2200000 4500
001 0119327
005 20231006123645.8
041 0 |a slo 
044 |a SK 
245 1 0 |a Slovenský eHealth vychádza z katalógu vyše 650 potrieb  |c Zuzana Mittelmann 
520 |a Katalóg služieb slovenského zdravotníctva a informatizácia zdravotníctva. Základné informácie o zdravotnej starostlivosti a zdravotnom poistení v Slovenskej republike. Podrobný zoznam a informačnú webstránku v jazykoch EÚ má Slovensko ako jediná krajina v Európe. 
610 2 0 |a Slovensko 
610 2 0 |a technológie informačné 
610 2 0 |a technológie komunikačné 
610 2 0 |a komunikácia elektronická 
610 2 0 |a informatizácia 
610 2 0 |a zdravotníctvo 
610 2 0 |a lekári 
610 2 0 |a poisťovne zdravotné 
610 2 0 |a internet 
610 2 0 |a katalógy 
100 1 |a Mittelmann, Zuzana